<?xml version="1.0" encoding="UTF-8"?>
<collection xmlns="http://www.loc.gov/MARC21/slim">
  <record>
    <leader>00000nam  2200000   4500</leader>
    <controlfield tag="001">INLIS000000000000086</controlfield>
    <controlfield tag="005">20150114092235.0</controlfield>
    <controlfield tag="006"/>
    <controlfield tag="007"/>
    <controlfield tag="008">                                   Ind  </controlfield>
    <datafield tag="035" ind1="#" ind2="#">
      <subfield code="0">010-061300000000086</subfield>
    </datafield>
    <datafield tag="041" ind1="#" ind2="#">
      <subfield code="a">Ind</subfield>
    </datafield>
    <datafield tag="082" ind1="#" ind2="#">
      <subfield code="a">910.076</subfield>
    </datafield>
    <datafield tag="090" ind1="#" ind2="#">
      <subfield code="a">910.076 Isk g</subfield>
    </datafield>
    <datafield tag="100" ind1="#" ind2="#">
      <subfield code="a">Iskhak</subfield>
    </datafield>
    <datafield tag="245" ind1="#" ind2="#">
      <subfield code="a">Geografi SMA, Prima EBTA (pelajaran ringkas materi evaluasi belajar tahap akhir) / Ischak</subfield>
    </datafield>
    <datafield tag="260" ind1="#" ind2="#">
      <subfield code="a">Klaten</subfield>
      <subfield code="b">Intan Pariwara</subfield>
      <subfield code="c">1991</subfield>
    </datafield>
    <datafield tag="300" ind1="#" ind2="#">
      <subfield code="a">iv,322 hlm. : ilus. ; 21 cm</subfield>
    </datafield>
    <datafield tag="650" ind1="#" ind2="#">
      <subfield code="a">Geografi</subfield>
    </datafield>
    <datafield tag="650" ind1="#" ind2="#">
      <subfield code="a">Soal Jawab Ebta</subfield>
    </datafield>
    <datafield tag="850" ind1="#" ind2="#">
      <subfield code="a">NBPDMAT</subfield>
    </datafield>
  </record>
</collection>
